Zones Hollow Knight - Statistiques

Statistiques générales
  • Ce quiz a été pris 364 fois
  • Le résultat moyen est 10 sur 16
Statistiques - réponses
Hint Réponse % Correct
Village abandonné Dirtmouth
87%
Région verdoyante où setrouve Unn Vertchemin
87%
On y trouve la forge et l'antiquaire Cité des Larmes
82%
Bzzzzzzzz La Ruche
82%
Galien et les Tisserands y vivent (ou y vivaient) Nid-profond
77%
Ancien passage marchandautrefois très fréquenté Routes oubliées
72%
Pas très bien entretenu pourune reine Jardins de la Reine
67%
Cristaux, lasers et presses hydrauliques Mont cristal
66%
Zone recouverte de cendres Frontières du Royaume
58%
Un endroit reposant pour lesdéfunts Repos éternel
58%
Entre les Fluckes et la bouseje ne sais plus quoi en penser Voies d'eau royales
50%
S'y trouve la plus grosse arnaque du jeu (3000 géos contre 1 fragment) Bassin ancestral
49%
Et sa variante moins sympapour les vacances Routes contaminées
48%
(Vrai) première zone du jeu Falaises hurlantes
47%
Les archives de l'érudite et la banque de Milibelle y sont installées Brumes-Canyon
45%
Champis, champis, et encorechampis Cavernes nocives
42%
Aucun quiz correspondant
Distribution des résultats
% des personnes avec chaque résultat
Percentile par nombre de réponses
Votre historique - résultats
Vous n’avez pas pris ce quiz